Already Over - Sabrina Carpenter - Statistics

General Stats
  • This quiz has been taken 77 times
  • The average score is 287 of 314
Answer Stats
Hint Answer % Correct
do
100%
how
100%
How
100%
I
100%
it
100%
on
100%
Say
100%
say
100%
to
100%
To
100%
when
100%
you
100%
a
96%
already
96%
am
96%
And
96%
and
96%
be
96%
but
96%
But
96%
close
96%
door
96%
I'm
96%
it's
96%
leave
96%
me
96%
my
96%
over?
96%
over
96%
still
96%
supposed
96%
the
96%
Verse 1 We
96%
we
96%
where
96%
closure?
91%
confused
91%
for
91%
time
91%
Time
91%
won't
91%
again
87%
as
87%
been
87%
better
87%
'Bout
87%
change
87%
done,
87%
don't
87%
friends
87%
hours
87%
like
87%
mind,
87%
need
87%
now
87%
Of
87%
off
87%
stand
87%
talk
87%
talkin'
87%
that
87%
this
87%
you're
87%
can
83%
conversation
83%
else's
83%
end
83%
fall
83%
here
83%
lips
83%
Make
83%
next
83%
Only
83%
probably
83%
Pre-Chorus Same
83%
Verse 2 Selfishly
83%
shouldn't
83%
someone
83%
too
83%
wanna
83%
we'd
83%
weekend
83%
after
78%
Bridge After
78%
back
78%
bed,
78%
give
78%
I'll
78%
Kissin'
78%
likes
78%
exist,
74%
last
74%
long
74%
pretendin'
74%
short
74%
three
74%
Three
74%
weeks
74%
Chorus | Outro Yeah,
74%
take
70%
you'll
70%
aftermath,
65%
bedroom
65%
comin'
65%
know
65%
No matching quizzes found
Score Distribution
Percent of People with Each Score
Percentile by Number Answered
Your Score History
You have not taken this quiz